<?xml version="1.0" encoding="UTF-8"?>
<record
    xmlns:xsi="http://www.w3.org/2001/XMLSchema-instance"
    xsi:schemaLocation="http://www.loc.gov/MARC21/slim http://www.loc.gov/standards/marcxml/schema/MARC21slim.xsd"
    xmlns="http://www.loc.gov/MARC21/slim">

  <leader>02235nam a2200397   4500</leader>
  <controlfield tag="001">14041</controlfield>
  <controlfield tag="003">http://catalogue.bnf.fr/ark:/12148/cb48733464g</controlfield>
  <controlfield tag="005">20260326100614.0</controlfield>
  <datafield tag="010" ind1=" " ind2=" ">
    <subfield code="a">9782846818032</subfield>
    <subfield code="d">13 EUR</subfield>
  </datafield>
  <datafield tag="073" ind1=" " ind2="0">
    <subfield code="a">9782846818032</subfield>
  </datafield>
  <datafield tag="090" ind1=" " ind2=" ">
    <subfield code="a">14041</subfield>
  </datafield>
  <datafield tag="099" ind1=" " ind2=" ">
    <subfield code="o">0</subfield>
  </datafield>
  <datafield tag="100" ind1=" " ind2=" ">
    <subfield code="a">20260319d        a  y0frey50      ba</subfield>
  </datafield>
  <datafield tag="101" ind1="0" ind2=" ">
    <subfield code="a">fre</subfield>
  </datafield>
  <datafield tag="102" ind1=" " ind2=" ">
    <subfield code="a">FR</subfield>
  </datafield>
  <datafield tag="105" ind1=" " ind2=" ">
    <subfield code="a">||||z   00|||</subfield>
  </datafield>
  <datafield tag="181" ind1=" " ind2="0">
    <subfield code="6">01</subfield>
    <subfield code="a">i </subfield>
    <subfield code="b">xxxe  </subfield>
  </datafield>
  <datafield tag="181" ind1=" " ind2=" ">
    <subfield code="6">02</subfield>
    <subfield code="c">txt</subfield>
    <subfield code="2">rdacontent</subfield>
  </datafield>
  <datafield tag="182" ind1=" " ind2="0">
    <subfield code="6">01</subfield>
    <subfield code="a">n</subfield>
  </datafield>
  <datafield tag="182" ind1=" " ind2=" ">
    <subfield code="6">02</subfield>
    <subfield code="c">n</subfield>
    <subfield code="2">rdamedia</subfield>
  </datafield>
  <datafield tag="200" ind1="1" ind2=" ">
    <subfield code="a">Le scarab&#xE9;e et l'oc&#xE9;an</subfield>
    <subfield code="b">Texte imprim&#xE9;</subfield>
  </datafield>
  <datafield tag="214" ind1=" " ind2="0">
    <subfield code="c">Editions Les Solitaires Intempestifs</subfield>
    <subfield code="d">DL 2026</subfield>
  </datafield>
  <datafield tag="214" ind1=" " ind2="3">
    <subfield code="c">Impr. Pr&#xE9;sence graphique</subfield>
  </datafield>
  <datafield tag="214" ind1=" " ind2="0">
    <subfield code="a">Besan&#xE7;on</subfield>
  </datafield>
  <datafield tag="214" ind1=" " ind2="3">
    <subfield code="a">37-Monts</subfield>
  </datafield>
  <datafield tag="215" ind1=" " ind2=" ">
    <subfield code="a">1 vol. (88 p.)</subfield>
  </datafield>
  <datafield tag="215" ind1=" " ind2=" ">
    <subfield code="d">18 cm</subfield>
  </datafield>
  <datafield tag="225" ind1="1" ind2=" ">
    <subfield code="a">Jeunesse</subfield>
  </datafield>
  <datafield tag="323" ind1=" " ind2=" ">
    <subfield code="a">5 personnages</subfield>
  </datafield>
  <datafield tag="330" ind1=" " ind2=" ">
    <subfield code="a">Nour a 11 ans, entre en sixi&#xE8;me et arrive d un pays o&#xF9; le masculin et le f&#xE9;minin n existent plus. Il y a soixante ans, l Ustrilie a m&#xEA;me adopt&#xE9; une &#xAB; r&#xE9;forme de grammaire neutre &#xBB;. Nour est l enfant de Tala. Tala travaille pour l Unesco et vient d obtenir une mutation en France. En franchissant les portes du coll&#xE8;ge, Nour d&#xE9;couvre que les humains sont divis&#xE9;s en deux &#xE9;quipes, les &#xAB; filles &#xBB; et les &#xAB; gar&#xE7;ons &#xBB;. Nour a du mal &#xE0; s adapter et d&#xE9;clenche le rire des autres sans comprendre pourquoi. Heureusement, Nour peut parler &#xE0; son ami imaginaire, un scarab&#xE9;e, et rencontre Eli, que tout le monde s obstine &#xE0; appeler Eliott: les deux enfants se lient d une profonde amiti&#xE9; &#xE0; l abri de laquelle on peut se confier ses secrets. Le&#xEF;la Anis propose une satire de nos cat&#xE9;gorisations de sexe et de genre. R&#xE9;activant le principe litt&#xE9;raire du regard &#xE9;tranger qui permet la critique de nos habitudes et des normes en place, cette fable malicieuse s appuie sur des recherches en sociologie et linguistique pour poser cette question sous-jacente : En quoi la division assoit-elle les in&#xE9;galit&#xE9;s ? </subfield>
  </datafield>
  <datafield tag="610" ind1=" " ind2=" ">
    <subfield code="a">genre</subfield>
    <subfield code="a">transidentit&#xE9;</subfield>
    <subfield code="a">adolescence</subfield>
  </datafield>
  <datafield tag="700" ind1=" " ind2=" ">
    <subfield code="a">Anis</subfield>
    <subfield code="b">Le&#xEF;la</subfield>
  </datafield>
  <datafield tag="700" ind1=" " ind2=" ">
    <subfield code="c">Auteur du texte</subfield>
  </datafield>
  <datafield tag="801" ind1=" " ind2="0">
    <subfield code="a">FR</subfield>
    <subfield code="b">FR-751131015</subfield>
    <subfield code="c">20260319</subfield>
    <subfield code="g">AFNOR</subfield>
    <subfield code="h">FRBNF487334640000001</subfield>
  </datafield>
  <datafield tag="856" ind1=" " ind2="2">
    <subfield code="u">1193407</subfield>
    <subfield code="b">Premi&#xE8;re de couverture</subfield>
  </datafield>
  <datafield tag="856" ind1=" " ind2="2">
    <subfield code="u">1193408</subfield>
    <subfield code="b">Quatri&#xE8;me de couverture</subfield>
  </datafield>
  <datafield tag="995" ind1=" " ind2=" ">
    <subfield code="2">0</subfield>
    <subfield code="5">2026-03-26</subfield>
    <subfield code="9">13932</subfield>
    <subfield code="c">JOL</subfield>
    <subfield code="f">JOL-007741</subfield>
    <subfield code="k">TH ANI 5</subfield>
    <subfield code="n">2026-06-03</subfield>
    <subfield code="o">0</subfield>
    <subfield code="b">JOL</subfield>
    <subfield code="r">LIVR</subfield>
  </datafield>
</record>
